000 00907nam a22002537a 4500
999 _c65053
_d65053
005 20240530110804.0
008 190115s2017 ua a f 000 0 ara d
017 _a2017/7985
_bمصر. دار الكتب
020 _a9789776565753
040 _aEG-CaGPL
_cEG-CaGPL
082 0 4 _221
_a932
_bق / م م
100 0 _aمحمد على
245 1 0 _aموسوعة اقاليم مصر الفرعونية :
_bاسيوط - المنيا /
_cالمؤلف محمد على ؛ اعداد منى سعد المشكلط
250 _aط.1
260 _aالقاهرة :
_c2017 .
300 _a528 ص. :
_bايض ؛
_c24 سم.
504 _aيشتمل على ارجاعات ببليوجرافية
650 0 7 _2الاثار القبطية
651 0 7 _aاسيوط
651 0 7 _aالمنيا
700 0 _aمنى سعد المشكلط
_eمعد
942 _2ddc
_cBK